[Event "Leutersdorf Muench Braeu op 08th"]
[Site "Leutersdorf"]
[Date "2003.02.16"]
[Round "9"]
[White "Lehmann, Christian"]
[Black "Prasse, Uwe"]
[Result "1-0"]
[WhiteElo "1586"]
[BlackElo "2072"]
[PlyCount "58"]
[EventDate "2003.02.12"]
[EventType "swiss"]
[EventRounds "9"]
[EventCountry "GER"]
[SourceTitle "CBM 092 Extra"]
[Source "ChessBase"]
[SourceDate "2003.03.07"]
[SourceVersion "1"]
[SourceVersionDate "2003.03.07"]
[SourceQuality "1"]

1. e4 g6 2. d4 Bg7 3. Nf3 c6 4. Be2 d5 5. exd5 cxd5 6. Nbd2 Nc6 7. Nb3 Bg4 8. c3 Nf6 9. h3 Bxf3 10. Bxf3 e6 11. Bg5 0-0 12. Qd2 a5 13. Bh6 a4 14. Bxg7 Kxg7 15. Nc5 b6 16. Nd3 Ne4 17. Qf4 f5 18. h4 h5 19. Ne5 Nxe5 20. Qxe5+ Nf6 21. 0-0 Re8 22. Rfe1 Kf7 23. Be2 Ra5 24. f3 Qb8 25. Qxb8 Rxb8 26. Kf2 b5 27. Rab1 b4 28. Rec1 Ra7 29. Ke3 Ke8 1-0

[Event "Leutersdorf Muench Braeu op 08th"]
[Site "Leutersdorf"]
[Date "2003.02.12"]
[Round "1"]
[White "Lehmann, Christian"]
[Black "Kaiser, Sebastian"]
[Result "0-1"]
[WhiteElo "1586"]
[BlackElo "2102"]
[PlyCount "104"]
[EventDate "2003.02.12"]
[EventType "swiss"]
[EventRounds "9"]
[EventCountry "GER"]
[SourceTitle "CBM 092 Extra"]
[Source "ChessBase"]
[SourceDate "2003.03.07"]
[SourceVersion "1"]
[SourceVersionDate "2003.03.07"]
[SourceQuality "1"]

1. e4 e6 2. d4 d5 3. exd5 exd5 4. Bd3 Nf6 5. Bf4 Bd6 6. Bxd6 Qxd6 7. c3 Bg4 8. f3 Bh5 9. Ne2 0-0 10. 0-0 Nbd7 11. Ng3 Bg6 12. Bxg6 hxg6 13. Qd3 Rfe8 14. Na3 Qb6 15. b3 Re7 16. Nc2 Rae8 17. Kh1 Qd6 18. Qd2 Nh5 19. Nxh5 Re2 20. Qd3 gxh5 21. Rae1 Qe6 22. Qd1 Nf6 23. Kg1 h4 24. Rxe2 Qxe2 25. Qxe2 Rxe2 26. Rf2 Re6 27. Kf1 Rc6 28. Ke2 Rxc3 29. Kd2 Rc6 30. Ne3 g6 31. Kd3 Re6 32. Rc2 c6 33. b4 a6 34. a4 Nd7 35. b5 axb5 36. axb5 Nb6 37. Rc1 Kg7 38. bxc6 bxc6 39. Rb1 Nc8 40. Rb7 Re7 41. Rb8 Nd6 42. Ra8 Nb5 43. Rb8 Ra7 44. Nc2 Ra2 45. Rb6 Na7 46. Rb7 Ra4 47. Rb6 Ra5 48. Rb7 Ra6 49. Ne3 Ra3+ 50. Kd2 Nb5 51. Nc2 Rb3 52. Rd7 h3 0-1

[Event "Leutersdorf Muench Braeu op 07th"]
[Site "Leutersdorf"]
[Date "2002.02.15"]
[Round "7"]
[White "Lehmann, Christian"]
[Black "Rackowiak, Hans"]
[Result "1/2-1/2"]
[WhiteElo "1435"]
[BlackElo "1925"]
[PlyCount "27"]
[EventDate "2002.02.11"]
[EventType "swiss"]
[EventRounds "9"]
[EventCountry "GER"]
[SourceTitle "CBM 086 Extra"]
[Source "ChessBase"]
[SourceDate "2002.03.14"]
[SourceVersion "1"]
[SourceVersionDate "2002.03.14"]
[SourceQuality "1"]

1. e4 Nf6 2. Nc3 d5 3. e5 Ne4 4. d4 Nxc3 5. bxc3 e6 6. Nf3 c5 7. c4 dxc4 8. Bxc4 cxd4 9. Nxd4 Bb4+ 10. Ke2 0-0 11. Qd3 Bc5 12. Be3 Bxd4 13. Qxd4 Qxd4 14. Bxd4 1/2-1/2